Language Quiz

Random Language or French Quiz

French Numbers Quiz Stats

 Plays Quiz not verified by Sporcle

Support Sporcle.
Go Orange.
Score 0/16 Timer 03:00
0 Plays Today
Numbers French Numbers % Correct
oneun
90.5%
twelevedouze
90.5%
twodeux
90.5%
twenty ninevingt neuf
90.5%
fivecinq
85.7%
one hundredcent
85.7%
fifteenquinze
85.7%
elevenonze
85.7%
Numbers French Numbers % Correct
twenty seven vingt sept
85.7%
fiftycinquante
81%
seventeendix-sept
81%
five hundredcinq cent
81%
fifty five cinquante-cinq
81%
threetrois
81%
sevensept
81%
thirteentreieze
14.3%

You're not logged in!

Compare scores with friends on all Sporcle quizzes.
OR
Log In

From the Vault

NWA World Heavyweight Champions

by nscox

Unfortunately, no members of the hip hop group N.W.A. ever held this title.
Remove Ads.
Support Sporcle.
Get the best of Sporcle when you Go Orange. This ad-free experience offers more features, more stats, and more fun while also helping to support Sporcle. Thank you for becoming a member.

Show Comments

Extras

Created Feb 16, 2011ReportNominate
Tags:French Quiz, Numbers Quiz

Top Quizzes Today


Score Distribution

Your Account Isn't Verified!

In order to create a playlist on Sporcle, you need to verify the email address you used during registration. Go to your Sporcle Settings to finish the process.

Report this User

Report this user for behavior that violates our Community Guidelines.

Details: